| 000 | 01186nam a22003737a 4500 | ||
|---|---|---|---|
| 001 | 0074 | ||
| 003 | DO-SdBPM | ||
| 005 | 20260219095656.0 | ||
| 007 | ta | ||
| 008 | 151006b1994 mx | |||| 00| 0 spa d | ||
| 020 | _a968493274X | ||
| 040 |
_aDO-SdBPM _bspa _cBPMSU _erda |
||
| 082 | 4 |
_a338.972 _bD441d 1994 _222 |
|
| 245 | 0 | 0 |
_aDesarrollo, desigualdad y medio ambiente / _c Vicente Arriaga ... [y otros.] ; compiladores Pablo Pascual moncayo , José woldenberg |
| 260 | _c | ||
| 264 |
_aMéxico : _b Cal y Arena, _c1994 |
||
| 300 |
_a403 páginas ; _c 24 cm _b |
||
| 336 |
_atexto _btxt _2rdacontent |
||
| 337 |
_asin mediación _bn _2rdamedia |
||
| 338 |
_avolumen _bnc _2rdacarrier |
||
| 500 | _a | ||
| 504 | _a | ||
| 505 | 0 | _a | |
| 590 | _aInventariado, 2026/VM | ||
| 650 | 7 |
_aDesarrollo económico _x Aspectos ambientales |
|
| 650 | 7 | _a Protección ambiental | |
| 650 | 7 |
_aIgualdad _zMéxico |
|
| 650 | 7 |
_a Política ambiental _zMéxico _x |
|
| 700 | 1 |
_aArriaga, Vicente, _ecolaborador _d _4 |
|
| 700 | 1 |
_aPascual Moncayo, Pablo _e compilador |
|
| 700 | 1 |
_aWoldenberg, José, _e compilador |
|
| 910 | _aVMateo V. Control de calidad. BPMSU | ||
| 942 |
_2ddc _cBK |
||
| 999 |
_c15717 _d15717 |
||